| 000 | 00924nam a22002417a 4500 | ||
|---|---|---|---|
| 005 | 20200104041616.0 | ||
| 008 | 130522s2012 ck ao fr 000 0 spa d | ||
| 020 | _a9789587194999 | ||
| 041 | _aspa | ||
| 044 | _ack | ||
| 082 | 0 | 4 |
_a574.52 _bC718c |
| 245 | 1 | 0 |
_aColombia diversidad biótica X _bCambio global (Natural) y climático (antrópico) en el páramo colombiano _cEditado por J. Orlando Rangel Ch. |
| 260 |
_aBogotá _bUniversidad Nacional de Colombia, Facultad de Ciencias. Instituto de Ciencias Naturales _c2012 |
||
| 300 |
_a556 p. _bil. |
||
| 504 | _aIncluye referencias bibliográficas e índice | ||
| 650 | 1 | 7 |
_aCambios global y climático _zColombia _926243 |
| 650 | 1 | 7 |
_aBiodiversidad del páramo _zColombia _926244 |
| 650 | 1 | 7 |
_aPaleoecología _9148 |
| 650 | 1 | 7 |
_aFitosociología _9149 |
| 650 | 1 | 7 |
_aFragmentación _9150 |
| 700 | 1 |
_aRangel Ch., J. Orlando _d1950- _eEditor _926246 |
|
| 942 |
_2ddc _cCD-ROM _01 |
||
| 999 |
_c7321 _d7321 |
||